000 00446nam a2200181Ia 4500
001 4479
005 20260306145759.0
008 260306t2004||||xx |||||||||||||| ||spa||
041 _aESP
082 _a323.0985
_bA77
100 _aArroyo, Juan
_eAUT
245 0 _aVínculos entre la salud pública y los derechos humanos
260 _c2004
300 _a104 páginas :
_c21 cm.
650 _aGEN
654 _aCHU
942 _cLIB
_dJUS
_fJUS
_2ddc
_n
999 _c4479
_d4479